100 things to know about food / (Record no. 550)
[ view plain ]
| 000 -LEADER | |
|---|---|
| fixed length control field | 01311nam a22002777a 4500 |
| 005 - DATE AND TIME OF LATEST TRANSACTION | |
| control field | 20230627102102.0 |
| 020 ## - INTERNATIONAL STANDARD BOOK NUMBER | |
| International Standard Book Number | 9781409598619 |
| 040 ## - CATALOGING SOURCE | |
| Original cataloging agency | FISKH |
| Language of cataloging | eng |
| Transcribing agency | FISKH |
| Modifying agency | FISKH |
| 050 ## - LIBRARY OF CONGRESS CALL NUMBER | |
| Classification number | TX355 |
| 082 ## - DEWEY DECIMAL CLASSIFICATION NUMBER | |
| Classification number | 641.3 |
| 100 ## - MAIN ENTRY--PERSONAL NAME | |
| Personal name | Baer, Sam |
| 245 ## - TITLE STATEMENT | |
| Title | 100 things to know about food / |
| Statement of responsibility, etc. | Written by Sam Baer, Rachel Firth, Rose Hall, Alice James & Jerome Martin ; Illustrated by Federico Mariani & Parko Polo ; Layout and design Jamie Ball, Freya Harrison, Lenka Hrehova, Amy Manning, Alice Reese, Vickie Robinson & Hayley Wells ; Food experts Jenny Chandler & Claudia Havranek |
| 260 ## - PUBLICATION, DISTRIBUTION, ETC. | |
| Place of publication, distribution, etc. | London : |
| Name of publisher, distributor, etc. | Usborne Publishing. |
| Date of publication, distribution, etc. | 2017. |
| 300 ## - PHYSICAL DESCRIPTION | |
| Extent | 127 pages : |
| Dimensions | 25 cm |
| 505 ## - FORMATTED CONTENTS NOTE | |
| Formatted contents note | S <br/> |
| 520 ## - SUMMARY, ETC. | |
| Summary, etc. | Whether at home or at school, morning or night, we all eat food. This book provides a wonderful insight to every aspect of food from farming to cooking, nutrition to tasting. Find out what colour carrots used to be, what the last meal served on the Titanic was and which spice is more expensive than gold in this quirky, fact-packed information book. |
| 521 ## - TARGET AUDIENCE NOTE | |
| Target audience note | 940 <br/> |
| Source | Lexile |
| 521 ## - TARGET AUDIENCE NOTE | |
| Target audience note | S <br/> |
| Source | Raz-Plus |
| 700 ## - ADDED ENTRY--PERSONAL NAME | |
| Personal name | Firth, Rachel |
| 700 ## - ADDED ENTRY--PERSONAL NAME | |
| Personal name | Hall, Rose |
| 700 ## - ADDED ENTRY--PERSONAL NAME | |
| Personal name | James, Alice |
| 700 ## - ADDED ENTRY--PERSONAL NAME | |
| Personal name | Martin, Jerome |
| 942 ## - ADDED ENTRY ELEMENTS (KOHA) | |
| Source of classification or shelving scheme | Dewey Decimal Classification |
| Koha item type | Books |
| Suppress in OPAC | No |
| 999 ## - | |
| -- | 550 |
| -- | 550 |
| Withdrawn status | Lost status | Source of classification or shelving scheme | Damaged status | Not for loan | Collection | Home library | Current library | Shelving location | Date acquired | Total Checkouts | Full call number | Barcode | Date last seen | Date last checked out | Price effective from | Koha item type |
|---|---|---|---|---|---|---|---|---|---|---|---|---|---|---|---|---|
| Dewey Decimal Classification | Non-Fiction | Footprints International School Library Network Toul Kork Campus | Footprints International School Library Network Toul Kork Campus | 06/16/2023 | 1 | BAE 641.3 TX355 | 2023-0099 | 11/23/2023 | 08/31/2023 | 06/16/2023 | Books |
